000 00309nam a2200109Ia 4500
008 200302s9999 xx 000 0 und d
100 _aCyril M. Harris ed.,
245 _aDictionary of Architecture and Construction 3 ed.,
260 _bMcgraw- hill International Book co.,
260 _c2000
300 _a1028 P.,
999 _c1497
_d1497